000 00302nam a2200121Ia 4500
008 211105s9999 xx 000 0 und d
020 _aVYASA05302
100 _aSingh Inderbir
245 0 _aHuman Neuoanatomy
250 _a\N
260 _bJaypee Brothers Medical Pubkishers pvt ltd
_c\N
300 _a306p.
999 _c8056
_d8056